000 00424cam a2200169ua 4500
041 _aeng
_h
082 _a821
_bBRI/RO
100 _aBridges, Robert .
245 _aRobert Bridges: poetry and prose /
_cRobert bridges.
_hTextual Documents
250 _a1 /
_b.
260 _aLondon :
_bOxford University Press ,
_c1955.
300 _a166 ; .
504 _a
942 _cBK
999 _c4019
_d4019